[Event "POL Ch 28th"]
[Site "Poznan POL"]
[Date "1971.02.25"]
[Round "11"]
[White "Schmidt, Wlodzimierz"]
[Black "Pietrusiak, Bogdan"]
[Result "1-0"]
[WhiteElo "2450"]
[BlackElo "2270"]
[PlyCount "71"]
[EventDate "1971.??.??"]
[Source "www.chesslib.no"]
[SourceDate "2004.05.04"]

1. Nf3 f5 2. g3 Nf6 3. c4 e6 4. Bg2 Be7 5. O-O O-O 6. d4 d5 7. Qc2 c6 8. Nbd2 Qe8 9. Ne5 Nbd7 10. Nd3 Ne4 11. Nf3 g5 12. Nfe5 Qh5 13. f3 Nef6 14. Bd2 Nxe5 15. dxe5 dxc4 16. Qxc4 Nd5 17. e4 Nb6 18. Qc2 fxe4 19. fxe4 Bd7 20. Be3 Rxf1+ 21. Rxf1 Rf8 22. Rxf8+ Bxf8 23. a4 Nc8 24. Nc5 Bxc5 25. Bxc5 b6 26. Qd2 Be8 27. Be3 Ne7 28. Bxg5 Ng6 29. h3 Nxe5 30. Bh6 Nf7 31. Be3 c5 32. b3 Qe5 33. Bf4 Qa1+ 34. Kh2 Bc6 35. Qe2 Qf6 36. e5 1-0

[Event "FRA Team Ch"]
[Site "France"]
[Date "1994.??.??"]
[Round "5"]
[White "Adrian, Claude"]
[Black "Roos, Louis"]
[Result "1/2-1/2"]
[WhiteElo "2260"]
[BlackElo "2455"]
[PlyCount "80"]
[EventDate "1994.??.??"]
[Source "www.chesslib.no"]
[SourceDate "2004.05.04"]

1. c4 e6 2. Nf3 f5 3. g3 Nf6 4. Bg2 Be7 5. d4 O-O 6. O-O d5 7. Qc2 c6 8. Nbd2 Qe8 9. Ne5 Nbd7 10. Nd3 Ne4 11. Nf3 Bf6 12. b3 g5 13. Ba3 Rf7 14. Nfe5 Nxe5 15. dxe5 Be7 16. Bxe7 Qxe7 17. cxd5 exd5 18. f3 Rg7 19. Rad1 h5 20. fxe4 fxe4 21. Nc5 Bg4 22. b4 Qxe5 23. Nxb7 Rc8 24. Nc5 h4 25. Rde1 hxg3 26. e3 Rh7 27. Nxe4 dxe4 28. Qxe4 gxh2+ 29. Kh1 Qxe4 30. Bxe4 Rh4 31. Bf5 Rf8 32. Bxg4 Rxg4 33. Kxh2 Rxb4 34. Rxf8+ Kxf8 35. Rc1 Rb2+ 36. Kg1 Rxa2 37. Rxc6 Ra5 38. Rc7 a6 39. Ra7 Ke8 40. e4 Kd8 1/2-1/2

[Event "Knjaz Milos Jezero Open"]
[Site "Belgrade"]
[Date "2004.08.24"]
[Round "8"]
[White "Nestorovic, Dejan"]
[Black "Skare, Goran"]
[Result "1-0"]
[WhiteElo "2389"]
[BlackElo "2320"]
[PlyCount "117"]
[EventDate "2004.08.17"]
[Source "Roberto Alvarez"]
[SourceDate "2004.09.15"]

1. d4 e6 2. c4 f5 3. g3 Nf6 4. Bg2 Be7 5. Nf3 O-O 6. O-O d5 7. Qc2 Ne4 8. b3 Nc6 9. Bb2 Bd7 10. Ne5 Nxe5 11. dxe5 c6 12. e3 b5 13. Nd2 Nxd2 14. Qxd2 a5 15. cxb5 cxb5 16. Rfc1 Qb8 17. Bxd5 Ra6 18. Bg2 Rd8 19. Qe2 a4 20. Bd4 g6 21. Rab1 Rc8 22. e4 axb3 23. axb3 Rac6 24. Rxc6 Bxc6 25. Rc1 fxe4 26. Bxe4 Bxe4 27. Rxc8+ Qxc8 28. Qxe4 Bf8 29. Kg2 Be7 30. h4 Qd7 31. Kh3 Kg7 32. Kh2 Kg8 33. Qa8+ Kf7 34. Be3 Qd3 35. Qb7 Ke8 36. Qc8+ Kf7 37. Qc7 Ke8 38. b4 Bxb4 39. Qxh7 Qf5 40. Qc7 Qd3 41. Bg5 Qf3 42. Qd8+ Kf7 43. Qd7+ Kg8 44. Qxe6+ Qf7 45. Qb6 Qe8 46. e6 Be7 47. Be3 b4 48. Bd2 Qf8 49. Be3 Qd8 50. Qb7 Qf8 51. Kg2 Qd8 52. Bg5 Bxg5 53. Qf7+ Kh8 54. hxg5 Qg8 55. Qf6+ Kh7 56. e7 b3 57. Qf8 Qd5+ 58. Kh2 b2 59. Qh6+ 1-0

[Event "ESP chT Ponferrada"]
[Site "?"]
[Date "1992.??.??"]
[Round "9"]
[White "Rojo, G."]
[Black "Ochoa, J."]
[Result "1-0"]
[WhiteElo "2305"]
[BlackElo "2400"]
[PlyCount "65"]
[EventDate "1992.??.??"]
[Source "www.chesslib.no"]
[SourceDate "2004.05.04"]

1. d4 f5 2. c4 Nf6 3. g3 e6 4. Bg2 Be7 5. Nf3 O-O 6. O-O d5 7. Qc2 Nc6 8. cxd5 exd5 9. Bg5 h6 10. Bxf6 Bxf6 11. e3 Ne7 12. Nbd2 Qd6 13. b4 c6 14. Qc5 Qe6 15. Rab1 b6 16. Qc1 Bb7 17. a4 Rac8 18. Qa3 Rc7 19. Ne1 Nc8 20. Nd3 Be7 21. Qa2 Nd6 22. b5 g5 23. bxc6 Bxc6 24. Rbc1 Nf7 25. Ne5 Nxe5 26. Rxc6 Qxc6 27. Bxd5+ Rf7 28. Bxc6 Nxc6 29. Rc1 Bf8 30. Rc4 Bd6 31. Nf3 Kf8 32. Qb1 Ke8 33. Qb5 1-0

[Event "POL Ch 28th"]
[Site "Poznan POL"]
[Date "1971.02.27"]
[Round "13"]
[White "Doda, Zbigniew"]
[Black "Pietrusiak, Bogdan"]
[Result "1-0"]
[WhiteElo "2430"]
[BlackElo "2270"]
[PlyCount "65"]
[EventDate "1971.??.??"]
[Source "www.chesslib.no"]
[SourceDate "2004.05.04"]

1. Nf3 f5 2. g3 Nf6 3. c4 e6 4. Bg2 Be7 5. O-O O-O 6. d4 d5 7. Qc2 c6 8. Nbd2 Qe8 9. Ne5 Nbd7 10. Nd3 Ne4 11. Nf3 g5 12. Nfe5 Qh5 13. f3 Nd6 14. b3 Rf6 15. Bd2 Rh6 16. h3 Nxe5 17. Nxe5 f4 18. g4 Qe8 19. e3 Qf8 20. Rae1 Nf7 21. exf4 gxf4 22. Bxf4 Ng5 23. Qc1 Nxh3+ 24. Bxh3 Rxh3 25. Kg2 Rh4 26. Bg5 Qg7 27. Bxh4 Bxh4 28. Re2 b6 29. Rh1 Bg5 30. f4 Be7 31. Kg3 c5 32. Reh2 Qf8 33. Qc2 1-0

[Event "Mar del Plata Open 26th"]
[Site "Mar del Plata ARG"]
[Date "1995.??.??"]
[Round "?"]
[White "Rubinetti, Jorge A"]
[Black "Mellano, Santiago"]
[Result "1-0"]
[WhiteElo "2430"]
[BlackElo "2265"]
[PlyCount "83"]
[EventDate "1995.??.??"]
[Source "www.chesslib.no"]
[SourceDate "2004.05.04"]

1. d4 e6 2. g3 f5 3. Bg2 Nf6 4. Nf3 d5 5. O-O Be7 6. c4 O-O 7. Qc2 Nc6 8. Bg5 h6 9. Bxf6 Bxf6 10. e3 Ne7 11. Nbd2 c6 12. Ne5 Bxe5 13. dxe5 Ng6 14. Qc3 Bd7 15. b4 Rc8 16. f4 Ne7 17. Nb3 b6 18. c5 g5 19. a4 gxf4 20. exf4 Rf7 21. Bf3 Rg7 22. Rfc1 h5 23. Bxh5 Be8 24. Bf3 Ng6 25. Bg2 Nf8 26. Nd4 Rcc7 27. cxb6 axb6 28. a5 bxa5 29. Rxa5 Qb8 30. Rca1 Ra7 31. Rxa7 Rxa7 32. Rxa7 Qxa7 33. h3 Bd7 34. Kh2 Qb6 35. Qc5 Qxc5 36. bxc5 Ng6 37. Bf1 Ne7 38. Ba6 Kf7 39. Kg2 Ke8 40. Kf3 Kd8 41. g4 fxg4+ 42. Kxg4 1-0

[Event "Memorial P.Keres Open"]
[Site "Vancouver"]
[Date "1976.??.??"]
[Round "10"]
[White "Vukadinov, Milan"]
[Black "Tarjan, James E"]
[Result "1/2-1/2"]
[WhiteElo "2200"]
[BlackElo "2490"]
[PlyCount "60"]
[EventDate "1976.??.??"]
[Source "www.chesslib.no"]
[SourceDate "2004.05.04"]

1. d4 e6 2. c4 f5 3. Nf3 Nf6 4. g3 Be7 5. Bg2 O-O 6. O-O d5 7. Nbd2 Nc6 8. b3 Bd7 9. Bb2 Ne4 10. e3 Be8 11. a3 Bh5 12. Qc2 a5 13. Rfc1 Rc8 14. Ne1 Nb8 15. Nd3 Nd7 16. f3 Nxd2 17. Qxd2 c6 18. c5 b5 19. Re1 Bg5 20. Rad1 Ra8 21. Qc2 Bh6 22. Rd2 a4 23. b4 Qc7 24. Rf2 Rae8 25. Qc3 g5 26. e4 fxe4 27. fxe4 Nf6 28. exd5 Nxd5 29. Bxd5 exd5 30. Rxe8 Bxe8 1/2-1/2

[Event "Aratovsky mem"]
[Site "Saratov"]
[Date "1999.??.??"]
[Round "5"]
[White "Feoktistov, Alexey A"]
[Black "Bondarenko, Vladimir"]
[Result "1-0"]
[WhiteElo "2359"]
[BlackElo "2327"]
[PlyCount "94"]
[EventDate "1999.12.??"]
[Source "ChessBase"]
[SourceDate "2000.01.11"]

1. d4 f5 2. c4 Nf6 3. g3 e6 4. Bg2 Be7 5. Nf3 O-O 6. d5 Ne4 7. O-O Bf6 8. Nbd2 Nxd2 9. Qxd2 e5 10. d6 Nc6 11. Rd1 Kh8 12. Rb1 a5 13. b3 cxd6 14. Ba3 e4 15. Ne1 Nb4 16. Qxd6 Re8 17. Qd2 Ra6 18. Bh3 e3 19. fxe3 Bg5 20. Ng2 Rae6 21. Bxf5 Rxe3 22. Qd6 Rxe2 23. Bb2 b5 24. Nf4 Bxf4 25. Qxf4 Qb6+ 26. Qd4 Qh6 27. h4 bxc4 28. bxc4 Bb7 29. g4 Rxb2 30. Rxb2 Qxh4 31. Rg2 Bxg2 32. Kxg2 Re2+ 33. Kf3 Re8 34. Qf4 Qh3+ 35. Kf2 Qc3 36. Kg2 g6 37. Bxd7 Rd8 38. a3 Nc2 39. Kh2 Ne3 40. Rd3 Qc2+ 41. Kh3 Qg2+ 42. Kh4 Qh1+ 43. Kg5 Qh6+ 44. Kf6 Rg8 45. Kf7 Rg7+ 46. Kf6 Ng2 47. Qb8+ Rg8 1-0

[Event "Buenos Aires FMDA tt"]
[Site "Buenos Aires"]
[Date "1989.??.??"]
[Round "8"]
[White "Grynszpan, Mariano"]
[Black "Bosco, Ricardo"]
[Result "1-0"]
[WhiteElo "2390"]
[BlackElo "2285"]
[PlyCount "65"]
[EventDate "1989.??.??"]
[Source "www.chesslib.no"]
[SourceDate "2004.05.04"]

1. d4 e6 2. c4 f5 3. g3 Nf6 4. Bg2 Be7 5. Nf3 O-O 6. d5 Ne4 7. Nbd2 Nxd2 8. Bxd2 Bf6 9. Qc2 d6 10. dxe6 Bxe6 11. O-O Nc6 12. Rad1 Qe7 13. Bc3 Rae8 14. e3 Qf7 15. b3 Qh5 16. Nd4 Nxd4 17. Bxd4 Bxd4 18. Rxd4 Bc8 19. c5 dxc5 20. Qxc5 c6 21. Qxa7 Re5 22. Qb6 Qf7 23. Rd8 Rxd8 24. Qxd8+ Re8 25. Qh4 Qd7 26. Bf3 Qd2 27. Qa4 Be6 28. Rd1 Qc3 29. Qa7 Bc8 30. Qb6 Qe5 31. Rd8 Qe7 32. Rxe8+ Qxe8 33. Qc7 1-0

[Event "BL2-W 9091"]
[Site "GER"]
[Date "1991.??.??"]
[Round "?"]
[White "Moehring, Guenther"]
[Black "Luetke, Jens"]
[Result "1-0"]
[WhiteElo "2365"]
[BlackElo "2305"]
[PlyCount "95"]
[EventDate "1990.10.??"]
[Source "www.chesslib.no"]
[SourceDate "2004.05.04"]

1. d4 f5 2. Nf3 Nf6 3. g3 e6 4. Bg2 Be7 5. c4 O-O 6. d5 Ne4 7. O-O Bf6 8. Nfd2 Nxd2 9. Qxd2 Qe7 10. Nc3 Na6 11. b3 e5 12. d6 Qxd6 13. Qxd6 cxd6 14. Ba3 e4 15. Rac1 Nc5 16. Rfd1 Be5 17. Nb5 Rf6 18. f4 exf3 19. exf3 f4 20. Nc7 Rb8 21. Nd5 Rf8 22. gxf4 Bxf4 23. Nxf4 Rxf4 24. Rxd6 b6 25. Re1 Rf6 26. Bxc5 bxc5 27. Rxf6 gxf6 28. Re8+ Kf7 29. Rh8 Kg7 30. Rd8 f5 31. f4 a5 32. Bd5 h5 33. Kg2 Kf6 34. Re8 a4 35. bxa4 Rb2+ 36. Kg3 h4+ 37. Kxh4 Ba6 38. Ra8 Bb7 39. Rb8 Rxh2+ 40. Kg3 Bxd5 41. Kxh2 Bxc4 42. a5 Ke7 43. Kg3 d5 44. Rb6 Kd7 45. a6 Kc7 46. a7 Kxb6 47. a8=Q d4 48. a4 1-0

[Event "Corr"]
[Site "?"]
[Date "2002.03.01"]
[Round "?"]
[White "Lohmann Heinrich (GER)"]
[Black "Koch Hans-Georg (GER)"]
[Result "1/2-1/2"]
[WhiteElo "2307"]
[BlackElo "2357"]
[PlyCount "51"]
[EventDate "2002.??.??"]
[Source "www.chesslib.no"]
[SourceDate "2004.05.04"]

1. Nf3 f5 2. g3 Nf6 3. Bg2 e6 4. d4 Be7 5. O-O O-O 6. c4 d5 7. Qc2 Ne4 8. Nbd2 c6 9. Ne5 Nd7 10. Nd3 Bf6 11. Nf3 dxc4 12. Nf4 Nb6 13. Rd1 g5 14. Nh5 Bh8 15. Ne5 Nd6 16. Qd2 h6 17. e3 Qe8 18. Qe2 Nd5 19. h4 gxh4 20. e4 Nf6 21. Nxf6+ Rxf6 22. gxh4 Bg7 23. Bf4 fxe4 24. Bg3 b5 25. Ng4 Rg6 26. Ne5 1/2-1/2

[Event "Werfen"]
[Site "Werfen"]
[Date "1990.??.??"]
[Round "4"]
[White "Kiss, Attila"]
[Black "Fahrner, Kurt"]
[Result "1/2-1/2"]
[WhiteElo "2355"]
[BlackElo "2290"]
[PlyCount "135"]
[EventDate "1990.??.??"]
[Source "www.chesslib.no"]
[SourceDate "2004.05.04"]

1. d4 f5 2. g3 Nf6 3. Bg2 e6 4. c4 Be7 5. Nf3 O-O 6. d5 Qe8 7. O-O Na6 8. Nc3 Nc5 9. dxe6 Nxe6 10. Nd4 Qg6 11. b3 c6 12. e3 d6 13. Ba3 Nc5 14. Qc2 Bd7 15. Rad1 Rad8 16. Nce2 Nce4 17. Nf4 Qf7 18. f3 c5 19. Nb5 a6 20. Nc7 Ng5 21. Bb2 Bc8 22. Rf2 Ne8 23. Ncd5 Ne6 24. Nxe7+ Qxe7 25. Nd5 Qf7 26. f4 b5 27. e4 N6c7 28. exf5 Bxf5 29. Qe2 Be6 30. Ne3 Nf6 31. f5 Bc8 32. g4 Rfe8 33. Bf3 Ne4 34. Rff1 Bb7 35. Rde1 d5 36. cxd5 Nxd5 37. Nxd5 Bxd5 38. Qg2 Qb7 39. g5 c4 40. Re2 c3 41. Bc1 Re5 42. Bf4 Nd2 43. Bxd5+ Rexd5 44. Bxd2 cxd2 45. Rxd2 Qb6+ 46. Qf2 Qxf2+ 47. Rdxf2 g6 48. h4 Rxf5 49. Rxf5 gxf5 50. Rxf5 Rd4 51. h5 Rd1+ 52. Kf2 Rd2+ 53. Ke3 Rxa2 54. Kd4 Rh2 55. h6 Rh3 56. Rf6 Rxb3 57. Rxa6 Rg3 58. Ra8+ Kf7 59. Ra7+ Kg6 60. Rg7+ Kh5 61. Rxh7 Rxg5 62. Rh8 Rg6 63. h7 Kh6 64. Rg8 Kxh7 65. Rxg6 Kxg6 66. Ke5 Kf7 67. Kd5 Ke7 68. Kc5 1/2-1/2

[Event "FIN Team Ch"]
[Site "Finland"]
[Date "1990.??.??"]
[Round "?"]
[White "Hakulinen, Esko-Matti"]
[Black "Partanen, Juha"]
[Result "1-0"]
[WhiteElo "2350"]
[BlackElo "2285"]
[PlyCount "103"]
[EventDate "1990.??.??"]
[Source "www.chesslib.no"]
[SourceDate "2004.05.04"]

1. Nf3 f5 2. d4 Nf6 3. g3 e6 4. Bg2 Be7 5. O-O O-O 6. c4 d5 7. Nbd2 c6 8. Qc2 Bd7 9. Ne5 Be8 10. Ndf3 Ne4 11. Nd3 Nd7 12. Nfe5 Nxe5 13. dxe5 Qb6 14. Be3 d4 15. Bc1 c5 16. f3 Ng5 17. Bd2 Rc8 18. Rab1 Qc7 19. e3 b5 20. b3 Nf7 21. f4 Bc6 22. Bxc6 Qxc6 23. cxb5 Qxb5 24. Nb2 Rfd8 25. Nc4 Qa6 26. exd4 cxd4 27. Qd3 Rd7 28. Rbc1 Rb8 29. Rc2 Nd8 30. a3 Qb7 31. Rf3 Qe4 32. Bc1 Rxb3 33. Qxe4 fxe4 34. Rxb3 d3 35. Rf2 Nc6 36. Be3 Nd4 37. Rb8+ Kf7 38. Nd2 Nc2 39. Nxe4 Nxe3 40. Rc8 Bxa3 41. Rf3 Nc2 42. Rc3 Ne1 43. Re3 d2 44. Nxd2 Bb4 45. Ne4 Bxc3 46. Rxc3 Kg6 47. Nd6 Rd8 48. Kf2 Rb8 49. Kxe1 Rb2 50. h3 h5 51. Ra3 Rh2 52. h4 1-0

[Event "Sindelfingen"]
[Site "Sindelfingen"]
[Date "1984.11.01"]
[Round "12"]
[White "Rocher, Olivier"]
[Black "Schulz, Klaus-Juergen"]
[Result "0-1"]
[WhiteElo "2260"]
[BlackElo "2365"]
[PlyCount "138"]
[EventDate "1984.10.??"]
[Source "www.chesslib.no"]
[SourceDate "2004.05.04"]

1. d4 e6 2. g3 f5 3. Bg2 Nf6 4. Nf3 Be7 5. O-O O-O 6. c4 d5 7. Nbd2 c6 8. Ne5 Bd7 9. Qc2 Kh8 10. Nd3 g5 11. b4 Be8 12. Rb1 Ne4 13. a4 Bf6 14. e3 Nd7 15. c5 a6 16. Nb3 g4 17. f4 gxf3 18. Bxf3 Rg8 19. Nf4 Qe7 20. Bb2 Nf8 21. Bxe4 fxe4 22. Qf2 Bg7 23. Bc3 Ng6 24. Rb2 Nxf4 25. Qxf4 Bh5 26. Qf2 Raf8 27. Qe1 Bf3 28. Rbf2 Bh6 29. Nd2 Bg4 30. Rxf8 Rxf8 31. Rxf8+ Qxf8 32. Qf2 Qg7 33. h4 Bd1 34. a5 Kg8 35. Nf1 Qf7 36. Qxf7+ Kxf7 37. Kf2 Kf6 38. Nh2 Kf5 39. Bd2 Bg7 40. Bc3 h5 41. Ke1 Bf3 42. Kf2 Bd1 43. Ke1 Bg4 44. Nf1 Bh3 45. Nd2 Bf6 46. Kf2 Bd8 47. Nb3 Bc7 48. Nc1 Bg4 49. Kg2 Bd1 50. Kh3 e5 51. Bd2 exd4 52. exd4 e3 53. Bxe3 Ke4 54. Bf2 Bd8 55. Kg2 Bf6 56. Kf1 Bxd4 57. Bxd4 Kxd4 58. Ke1 Bg4 59. Kd2 Ke4 60. Nd3 Kf3 61. Ne5+ Kxg3 62. Ng6 Bf5 63. Ne7 Bd7 64. Ke3 Kxh4 65. Kf4 Kh3 66. Ng6 Be8 67. Ne5 Kg2 68. Nf3 Kf2 69. Nd4 Bd7 0-1

[Event "Nationale II - Est"]
[Site "?"]
[Date "2002.11.17"]
[Round "3.3"]
[White "Szabolcsi Janos"]
[Black "Gitzinger Gregory"]
[Result "1-0"]
[WhiteElo "2409"]
[BlackElo "2213"]
[PlyCount "85"]
[EventDate "2002.??.??"]
[Source "www.chesslib.no"]
[SourceDate "2004.05.04"]

1. d4 e6 2. Nf3 f5 3. g3 Nf6 4. Bg2 Be7 5. O-O O-O 6. c4 d5 7. Nbd2 Ne4 8. Qc2 Nd7 9. Ne1 Nxd2 10. Bxd2 c6 11. Nd3 Bf6 12. e3 Kh8 13. cxd5 exd5 14. Nf4 Qe8 15. b4 Nb6 16. Rfc1 a6 17. a4 a5 18. bxa5 Nc4 19. Bb4 Be7 20. Qc3 Bxb4 21. Qxb4 Nxa5 22. Bf1 g5 23. Nd3 Nc4 24. Nc5 b6 25. Nb3 Ba6 26. Bxc4 Bxc4 27. Nd2 b5 28. axb5 cxb5 29. Nf3 Rxa1 30. Rxa1 f4 31. exf4 gxf4 32. Re1 Qf7 33. Ng5 Qf6 34. Re6 Qg7 35. Re5 fxg3 36. hxg3 Qf6 37. Qd2 Rg8 38. g4 Qg6 39. Rf5 h6 40. Nf7+ Kh7 41. Kh2 Rg7 42. Qf4 Kg8 43. Qb8+ 1-0

[Event "Bundesliga 8081"]
[Site "GER"]
[Date "1981.??.??"]
[Round "?"]
[White "Staller, Peter"]
[Black "Rosin, Wolfgang"]
[Result "1-0"]
[WhiteElo "2355"]
[BlackElo "2265"]
[PlyCount "81"]
[EventDate "1980.10.??"]
[Source "www.chesslib.no"]
[SourceDate "2004.05.04"]

1. d4 e6 2. Nf3 f5 3. g3 Nf6 4. Bg2 Be7 5. O-O O-O 6. c4 d5 7. Qc2 c6 8. Nbd2 Ne4 9. Ne5 Nd7 10. Nd3 Bd6 11. Nf3 Qf6 12. cxd5 exd5 13. Bf4 Bxf4 14. Nxf4 Qh6 15. e3 g5 16. Nd3 Rf7 17. Nfe5 Rg7 18. f3 Nd6 19. Rae1 Nxe5 20. Nxe5 Be6 21. Nd3 Rd8 22. Nc5 Bc8 23. Qa4 a6 24. Qa5 Re8 25. e4 dxe4 26. fxe4 f4 27. e5 Nc4 28. Qc3 Ne3 29. Rxe3 fxe3 30. Qxe3 Bh3 31. Ne4 Kh8 32. Bxh3 Qxh3 33. Nd6 Rd8 34. Nf7+ Rxf7 35. Rxf7 Qg4 36. e6 Kg8 37. Rf1 Re8 38. e7 h6 39. Qf2 Qd7 40. Qf7+ Kh8 41. Qxe8+ 1-0

[Event "Aalborg Open"]
[Site "Aalborg DEN"]
[Date "1993.??.??"]
[Round "9"]
[White "Meyer, Lars A"]
[Black "Sobjerg, Erik"]
[Result "1-0"]
[WhiteElo "2350"]
[BlackElo "2270"]
[PlyCount "85"]
[EventDate "1993.??.??"]
[Source "www.chesslib.no"]
[SourceDate "2004.05.04"]

1. d4 e6 2. Nf3 f5 3. c4 Nf6 4. g3 Be7 5. Bg2 O-O 6. d5 Bb4+ 7. Bd2 Qe7 8. Qb3 Bxd2+ 9. Nbxd2 e5 10. e4 d6 11. exf5 Bxf5 12. Qxb7 Nbd7 13. Nh4 Bd3 14. Qb3 Nc5 15. Qc3 g5 16. b4 gxh4 17. bxc5 e4 18. Bh3 Kh8 19. Be6 Qg7 20. Rc1 Rae8 21. cxd6 cxd6 22. Nb3 Qh6 23. Qd2 Qh5 24. Nd4 hxg3 25. fxg3 Ng4 26. Qd1 Qe5 27. Nc6 Qg5 28. Qd2 Ne3 29. Qb2+ Rf6 30. h4 Qxg3+ 31. Kd2 Qg7 32. Qd4 Nxc4+ 33. Kc3 Na3 34. Kb3 Nb5 35. Qa1 Rg6 36. Bf7 Nd4+ 37. Qxd4 Rb8+ 38. Ka3 Qxd4 39. Nxd4 Rg3 40. Rc3 Rf8 41. Be6 Rg2 42. Nf5 h6 43. Rhc1 1-0

[Event "Connecticut (USA)"]
[Site "?"]
[Date "2004.04.08"]
[Round "3"]
[White "Winer Steven"]
[Black "Cherniack Alex"]
[Result "1/2-1/2"]
[WhiteElo "2386"]
[BlackElo "2232"]
[PlyCount "77"]
[EventDate "2004.??.??"]
[Source "www.chesslib.no"]
[SourceDate "2004.05.04"]

1. d4 e6 2. c4 f5 3. g3 Nf6 4. Bg2 Be7 5. Nf3 O-O 6. O-O d5 7. Qc2 Ne4 8. Nbd2 Nc6 9. e3 Bd7 10. Ne1 Be8 11. Nd3 Rb8 12. f3 Nxd2 13. Bxd2 Bf7 14. c5 Bf6 15. b4 g5 16. b5 Ne7 17. Bc3 Ng6 18. Rad1 Kg7 19. e4 f4 20. Ne5 Qe8 21. Nxf7 Qxf7 22. Rfe1 h5 23. exd5 exd5 24. Bh3 Rbe8 25. c6 bxc6 26. bxc6 Rxe1+ 27. Bxe1 fxg3 28. hxg3 g4 29. fxg4 hxg4 30. Bg2 Bg5 31. Bf2 Ne7 32. Rf1 Qh5 33. Re1 Rh8 34. Qe2 Bf6 35. Qe6 Rd8 36. Bf1 Rh8 37. Bg2 Rd8 38. Bf1 Rh8 39. Bg2 1/2-1/2

[Event "BEL Team Ch 9596"]
[Site "Antwerp BEL"]
[Date "1996.??.??"]
[Round "?"]
[White "Goormachtigh, Johan"]
[Black "Meulders, Richard"]
[Result "1/2-1/2"]
[WhiteElo "2305"]
[BlackElo "2295"]
[PlyCount "85"]
[EventDate "1995.??.??"]
[Source "www.chesslib.no"]
[SourceDate "2004.05.04"]

1. d4 f5 2. g3 Nf6 3. Bg2 e6 4. Nf3 Be7 5. O-O O-O 6. c4 d5 7. Nbd2 c6 8. Qc2 Qe8 9. Ne5 Qh5 10. Ndf3 Nbd7 11. Nd3 Ne4 12. Nf4 Qf7 13. Ne5 Nxe5 14. dxe5 Bd7 15. f3 Nc5 16. Nd3 Rfc8 17. Be3 Nxd3 18. exd3 c5 19. Qf2 b5 20. b3 Rab8 21. Rab1 d4 22. Bd2 bxc4 23. bxc4 Bd8 24. f4 Ba4 25. Qf3 h5 26. Rfc1 g6 27. Kf2 Qc7 28. Ke2 Qd7 29. Kf2 Rb6 30. Rxb6 axb6 31. Qb7 Qxb7 32. Bxb7 Rc7 33. Bf3 Ra7 34. Ke2 Bd7 35. Ra1 Ra4 36. Kd1 Ra3 37. Be2 Kf7 38. Kc2 b5 39. Kb2 b4 40. Rd1 Bc6 41. Kb1 Bc7 42. Bc1 Ra8 43. h4 1/2-1/2

[Event "BL2-W 9192"]
[Site "GER"]
[Date "1992.??.??"]
[Round "?"]
[White "Serrer, Christoph"]
[Black "Luetke, Jens"]
[Result "1/2-1/2"]
[WhiteElo "2260"]
[BlackElo "2335"]
[PlyCount "91"]
[EventDate "1991.10.??"]
[Source "www.chesslib.no"]
[SourceDate "2004.05.04"]

1. Nf3 f5 2. d4 Nf6 3. g3 e6 4. Bg2 Be7 5. O-O O-O 6. c4 d5 7. Nbd2 c6 8. Ne5 Bd6 9. Qc2 Qe7 10. Nd3 a5 11. Nf3 Ne4 12. Bf4 Bxf4 13. gxf4 Bd7 14. Nfe5 Be8 15. f3 Nf6 16. b3 Nbd7 17. a3 Nxe5 18. fxe5 Nd7 19. f4 Bh5 20. e3 Rfc8 21. Rfc1 Qe8 22. Qd2 Qd8 23. Rc3 Qh4 24. Rac1 Nb6 25. cxd5 cxd5 26. Rxc8+ Nxc8 27. Rc7 b6 28. Qc2 Na7 29. b4 Qd8 30. bxa5 bxa5 31. a4 Rc8 32. Rxc8 Qxc8 33. Qxc8+ Nxc8 34. Nc5 Kf7 35. Nb3 Nb6 36. Nxa5 Nxa4 37. Nb7 Nb2 38. Nd8+ Ke7 39. Nc6+ Kd7 40. Nb4 Nd1 41. Nc2 Be2 42. Bf1 Bxf1 43. Kxf1 Nc3 44. Kf2 Ne4+ 45. Ke2 Kc6 46. Nb4+ 1/2-1/2

[Event "BL2-Ost 9900"]
[Site "Germany"]
[Date "2000.03.26"]
[Round "8.7"]
[White "Helbig, Jan"]
[Black "Burmeister, Rick"]
[Result "1/2-1/2"]
[WhiteElo "2220"]
[BlackElo "2375"]
[PlyCount "48"]
[EventDate "1999.10.??"]
[Source "ChessBase"]
[SourceDate "2000.05.11"]

1. d4 e6 2. Nf3 f5 3. g3 Nf6 4. Bg2 Be7 5. O-O O-O 6. c4 d5 7. Nbd2 c6 8. Ne5 a5 9. Ndf3 Ne4 10. cxd5 exd5 11. Nd3 Na6 12. Bf4 Nc7 13. Be5 Ne6 14. e3 a4 15. Qc2 a3 16. b3 Qa5 17. Rad1 Bd7 18. Nd2 Be8 19. f3 Nc3 20. Rde1 Bg6 21. Nb1 Nb5 22. Rc1 Qb6 23. Nc3 Nxc3 24. Qxc3 Rf7 1/2-1/2

[Event "Tirnavia-C"]
[Site "Trnava"]
[Date "1988.??.??"]
[Round "2"]
[White "Moehring, Guenther"]
[Black "Minich, Peter"]
[Result "1-0"]
[WhiteElo "2395"]
[BlackElo "2200"]
[PlyCount "87"]
[EventDate "1988.??.??"]
[Source "www.chesslib.no"]
[SourceDate "2004.05.04"]

1. Nf3 e6 2. c4 f5 3. g3 Nf6 4. Bg2 Be7 5. d4 O-O 6. d5 Bb4+ 7. Bd2 Qe7 8. dxe6 dxe6 9. O-O Bxd2 10. Qxd2 Ne4 11. Qc2 Nd7 12. Nc3 Nxc3 13. Qxc3 e5 14. b4 c5 15. b5 e4 16. Nd2 b6 17. f3 Bb7 18. fxe4 fxe4 19. a4 Rxf1+ 20. Nxf1 Rf8 21. Ne3 Ne5 22. a5 Qf6 23. Kh1 Ng4 24. Qxf6 Nxf6 25. axb6 axb6 26. Ra7 Rf7 27. Bh3 Kf8 28. Be6 Rc7 29. Bc8 Rxc8 30. Rxb7 Rd8 31. Kg2 Rd2 32. Kf1 Nd7 33. Ke1 Rd6 34. Nf5 Rf6 35. Rxd7 Rxf5 36. Rd6 e3 37. Rxb6 Ke7 38. Kd1 Rh5 39. Rb7+ Kd8 40. Rxg7 Rxh2 41. Rg5 Rg2 42. Rd5+ Ke7 43. Re5+ Kd6 44. Rxe3 1-0

[Event "Bratto op"]
[Site "Bratto"]
[Date "1998.??.??"]
[Round "?"]
[White "Barbero, Gerardo F"]
[Black "Zinani, Alessandro"]
[Result "1-0"]
[WhiteElo "2440"]
[BlackElo "2145"]
[PlyCount "103"]
[EventDate "1998.??.??"]
[Source "www.chesslib.no"]
[SourceDate "2004.05.04"]

1. d4 f5 2. g3 Nf6 3. Bg2 e6 4. Nf3 d5 5. O-O Be7 6. c4 c6 7. Qc2 O-O 8. Nbd2 Bd7 9. Ne5 Be8 10. Nd3 Nbd7 11. Nf3 Ne4 12. b3 Bf7 13. Rd1 Rc8 14. c5 h6 15. Nde5 Nxe5 16. Nxe5 Nf6 17. f3 Nd7 18. Nxf7 Rxf7 19. e4 Qf8 20. b4 Bf6 21. Qd3 dxe4 22. fxe4 Rd8 23. Bb2 Re8 24. Qb3 Kh8 25. e5 Bg5 26. Bf3 g6 27. Kg2 Kh7 28. b5 Nb8 29. a4 h5 30. Rab1 h4 31. Rf1 Qh6 32. Be2 Qf8 33. Bc4 Rfe7 34. Rf3 Qh6 35. Rd1 Nd7 36. a5 Nb8 37. a6 Qg7 38. Bc3 Qh6 39. axb7 Rxb7 40. Qa4 h3+ 41. Kf2 cxb5 42. Bxb5 Rf8 43. c6 Rbf7 44. Rg1 Bd8 45. Qc4 Bb6 46. Ke2 g5 47. Bb4 Rc8 48. Bd6 g4 49. Rf4 Bd8 50. d5 exd5 51. Qxd5 Qg7 52. Rgf1 1-0

[Event "ROM Ch Girls"]
[Site "Singeorz"]
[Date "1993.??.??"]
[Round "?"]
[White "Musat, Adrian"]
[Black "Cozianu, Costin"]
[Result "1/2-1/2"]
[WhiteElo "2275"]
[BlackElo "2310"]
[PlyCount "33"]
[EventDate "1993.??.??"]
[Source "www.chesslib.no"]
[SourceDate "2004.05.04"]

1. d4 f5 2. Nf3 Nf6 3. g3 e6 4. Bg2 Be7 5. c4 O-O 6. O-O d5 7. Bg5 Nc6 8. cxd5 exd5 9. Ne5 Ne4 10. Bxe7 Qxe7 11. Nxc6 bxc6 12. Qc2 Bb7 13. Nd2 Nxd2 14. Qxd2 f4 15. Rfe1 Qd6 16. Rac1 Rf6 17. e4 1/2-1/2

[Event "Mind Sports Games - Blitz Team w"]
[Site "Pechino CINA"]
[Date "2008.10.13"]
[Round "9"]
[White "Peng Zhaoqin"]
[Black "Hoang Thi Nhu Y"]
[Result "1-0"]
[WhiteElo "2455"]
[BlackElo "2127"]
[PlyCount "89"]
[EventDate "2008.10.13"]
[Source "www.chesslib.no"]
[SourceDate "2004.05.04"]

1. d4 f5 2. c4 Nf6 3. g3 e6 4. Bg2 Be7 5. Nf3 O-O 6. d5 exd5 7. cxd5 Ne4 8. O-O d6 9. Nbd2 Nc5 10. Nb3 Bf6 11. Nbd4 Nba6 12. Rb1 Ne4 13. Be3 Bd7 14. a3 c5 15. dxc6 bxc6 16. b4 Nc3 17. Qb3+ Nd5 18. Nxc6 Bxc6 19. Nd4 Bxd4 20. Bxd5+ Bxd5 21. Qxd5+ Kh8 22. Bxd4 Nc7 23. Qc4 Qd7 24. Rbc1 Nb5 25. Bb2 Rac8 26. Qd5 Nc7 27. Qb7 a6 28. Rfd1 Qd8 29. Rc6 d5 30. Rdc1 Qg5 31. Rxc7 Rxc7 32. Qxc7 Re8 33. e3 h5 34. Qf4 Qg6 35. Rc7 Rg8 36. Qd4 Kh7 37. Qxd5 h4 38. Qd4 hxg3 39. hxg3 Qh6 40. a4 Qh3 41. b5 axb5 42. axb5 Kg6 43. Rxg7+ Kh6 44. Rxg8 Qg4 45. Qh8# 1-0